| 000 | 00575nam a2200205Ia 4500 | ||
|---|---|---|---|
| 003 | OSt | ||
| 005 | 20250604161531.0 | ||
| 008 | 210719s1989 xx 000 0 und d | ||
| 040 | _cAL | ||
| 041 | _aTulu | ||
| 082 | _aT894.2 AMRT | ||
| 100 |
_aAMRATA SOMESHVARA _9139501 _dಅಮೃತ ಸೋಮೇಶ್ವರ |
||
| 245 |
_aTulunada kalkude _bತುಳುನಾಡ ಕಲ್ಕುಡೆ |
||
| 260 |
_aKotekaru _bPrakrati Prakashana _c1989 |
||
| 300 |
_a42 _bPB |
||
| 365 |
_b10 _cRs |
||
| 650 |
_aTulu Drama _9139502 |
||
| 906 | _akalkude ; Tulunada | ||
| 942 |
_2ddc _cBK |
||
| 999 |
_c214708 _d214708 |
||